000 00342 a2200157 4500
001 49304
020 _a857675119-4
040 _cAnchieta - Bela Vista
100 _aEifflĂȘ, Marcus Paulo
240 1 0 _aAgarra, goleiro!
_lpor
245 1 0 _aAgarra, goleiro!
300 _a59
362 0 _a2006
650 4 _aLiteratura juvenil
942 _cBK
999 _c49304
_d49304